| 000 | 00352nam a2200145Ia 4500 | ||
|---|---|---|---|
| 003 | OSt | ||
| 005 | 20240207095034.0 | ||
| 008 | 170523s9999 xx 000 0 und d | ||
| 020 | _a978-0070323476 | ||
| 040 | _ciimt university meerut | ||
| 100 | _aJAUCH- LR | ||
| 245 | 0 | _aBUSINESS POLICY STRATEGIC MANAGEMENT | |
| 260 | _bMC GRAW HILL | ||
| 942 |
_2ddc _c02 |
||
| 999 |
_c357 _d357 |
||